| 000 | 01515nam a2200457 i 4500 | ||
|---|---|---|---|
| 001 | 20470 | ||
| 003 | KOSZ 005 | ||
| 005 | 20200508112709.0 | ||
| 008 | 991116s1982 pl a f |001 0 pol | ||
| 015 | _aUWD 1982/2458 | ||
| 020 | _a832040360X | ||
| 035 | _a991011977849705066 | ||
| 035 | _a(PL-WaBN)b13248716-48omnis_nlop | ||
| 035 | _ab13248716 | ||
| 035 | _a(OCoLC)749157528 | ||
| 035 | _a(PL)b0000001324871 | ||
| 035 | _a(EXLNZ-48OMNIS_NETWORK)9910059651605606 | ||
| 040 |
_aWA N _cWA N _dKOSZ 005/HR |
||
| 041 | 0 | _apol | |
| 080 | _a621.314 | ||
| 100 | 1 |
_aLuciński, Jerzy _c(elektronika) _eAutor |
|
| 245 | 1 | 0 |
_aUkłady z tyrystorami dwukierunkowymi / _cJerzy Luciński. |
| 260 |
_aWarszawa : _bWydawnictwa Naukowo-Techniczne, _c1982. |
||
| 300 |
_a277, [2] s. : _bil. tab. wykr. ; _c24 cm. |
||
| 336 |
_aTekst _btxt _2rdacontent |
||
| 337 |
_aBez urządzenia pośredniczącego _bn _2rdamedia |
||
| 338 |
_aWolumin _bnc _2rdacarrier |
||
| 380 | _aKsiążki | ||
| 388 | _a1901-2000 | ||
| 388 | _a1945-1989 | ||
| 490 | 1 | _aUkłady i Systemy Elektroniczne | |
| 504 | _aBibliogr. s. 272-276. - Indeks. | ||
| 650 | 7 |
_aProstowniki _2DBN |
|
| 650 | 7 | _aTyrystor | |
| 658 | _aInżynieria i technika | ||
| 710 | 2 |
_aWydawnictwa Naukowo-Techniczne _4pbl |
|
| 856 |
_uhttp://koha.tu.koszalin.pl/cgi-bin/koha/opac-detail.pl?biblionumber=20470 _yKatalog online BPK |
||
| 830 | 0 | _aUkłady i Systemy Elektroniczne | |
| 942 |
_2UKD _cKS |
||
| 999 |
_c20470 _d20470 |
||